01579cam a2200373 a 450000100060000000300100000600500170001600700020003300800410003502000240007602000240010002000240012404000460014804100080019408200250020210000250022724502100025225000210046226400310048330000450051433600260055933700280058533800270061350400390064050502760067965000360095565000330099165000280102465000260105265000370107870000410111570000230115670000260117960648CO-BoRNBP20260309153405.0t040927s2004 ck a r 00110dspa d a9589422373 (Vol. 1) a9589422381 (Vol. 2) a958942239X (Vol. 3) aCO-BoBLAbspadCO-BoBLAerdacEditar Ltda aspa04a617.6bB17o 220 ed.1 aBarrios M., Gustavo.10aOdontología / cGustavo Barrios M. ; fotografía clínica Jorge Eduardo Barrios ; colaboradores especiales Jenny Susana Vargas ... [et al.] ; colaboración científica Raúl G. Caffese ... [et al.]. aNueva edición. aBogotá :bEditar,c2004. a3 volúmenes :bilustraciones ;c28 cm. atextbtxt2rdacontent aunmediatedbn2rdamedia avolumebnc2rdacarrier aIncluye bibliografía e índice.0 av.1 Desde: Los 4 capilares de la periodoncia, hasta Nutrición. Investigación en periodoncia. -- v.2 Desde : El neutrófilo gingival, hasta Patologías que afectan al periodonto. -- v.3 Desde: Epidemiología, hasta Fase de mantenimiento del tratamiento periodontal. 7aCirugía periodontal.2BLAAUTO 7aImplantes dentales.2BLAAUTO 7aOdontología.2BLAAUTO 7aPeriodoncia.2BLAAUTO 7aPrótesis periodontal.2BLAAUTO1 aBarrios, Jorge Eduardo,eilustrador.1 aCaffese, Raúl G.1 aVargas, Jenny Susana.